Tous les départements ayant un Castillon - Statistiques

Statistiques générales
  • Ce quiz a été pris 18 fois
  • Le résultat moyen est 7 sur 9
Statistiques - réponses
Commune Département % Correct
Castillon-du-Gard Gard
93%
Castillon-Debats Gers
87%
Castillon-de-Larboust Haute-Garonne
87%
Castillon Hautes-Pyrénées
87%
Castillon(-d'Arthez) Pyrénées-Atlantiques
87%
Castillon-de-Castets Gironde
80%
Castillon Alpes-Maritimes
67%
Castillon-en-Couserans Ariège
60%
Castillon Calvados
60%
Aucun quiz correspondant
Distribution des résultats
% des personnes avec chaque résultat
Percentile par nombre de réponses
Votre historique - résultats
Vous n’avez pas pris ce quiz